000 00639cam a22002411 4500
001 sa 65009169
003 DLC
005 20260227112200.0
008 890602s1965 ii 000 0 pano
010 _asa 65009169
035 _a(OCoLC)19806990
040 _aDLC
_cWaU
_dDLC
041 1 _apan
_hkas
042 _apremarc
050 0 0 _aPK7037
_b.A9
100 1 _aAzad, Harbans Singh,
_d1920-
245 1 0 _aCoṇawīṃ Kashamiri kawita.
260 _c[1965]
300 _a124 p.
_c24 cm.
500 _aIn Panjabi.
650 0 _aKashmiri poetry
_xTranslations into Panjabi.
650 0 _aPanjabi poetry
_xTranslations into Kashmiri.
999 _c66049
_d66049